| 000 | 00738nam a2200205 i 4500 | ||
|---|---|---|---|
| 001 | 50382 | ||
| 003 | ES-MaACL | ||
| 005 | 20240518063025.0 | ||
| 007 | t| | ||
| 008 | 030804s1946 sp ||||1| spa d | ||
| 100 | 0 |
_aCuadra, Pablo Antonio, _d1912-2002 _941877 |
|
| 245 | 1 | 0 |
_aEntre la cruz y la espada _b: mapa de ensayos para el redescubrimiento de América / _cPablo Antonio Cuadra. |
| 260 |
_aMadrid : _bInstituto de Estudios Políticos, _c[1946] ( _fS. Aguirre) |
||
| 300 |
_a254 p. ; _c20 cm. |
||
| 490 | 1 | _aColección Hispanoamericana | |
| 710 | 2 |
_aInstituto de Estudios Políticos (Madrid) _94924 |
|
| 830 | 0 |
_aColección Hispanoamericana _9182680 |
|
| 852 |
_aES-MaACL _jC-3970 _bR.23290 |
||
| 999 |
_c50382 _d50382 |
||